000 00240nam a2200097Ia 4500
001 722065
005 20250826163304.0
008 250824s9999 xx 000 0 und d
245 0 _aGİZEMLİ ADAM
_cJACK SAILOR
260 _bGENÇ HAYAT YAYINLARI
999 _c722065
_d722065